| 000 | 01371 a2200349 4500 | ||
|---|---|---|---|
| 003 | Nust | ||
| 005 | 20220727134523.0 | ||
| 010 | _a2009054387 | ||
| 020 | _a0-470-51692-5 (hbk.) : | ||
| 020 | _a978-0-470-51692-8 (hbk.) : | ||
| 035 | _a(Uk)014601519 | ||
| 040 | _cNust | ||
| 082 | 0 | 0 | _a006.696,RIC |
| 100 | 1 |
_aRichardson, Iain E. G. _995506 |
|
| 245 | 1 | 4 |
_aThe H.264 advanced video compression standard / _cby Iain E.G. Richardson. |
| 250 | _a2nd ed. | ||
| 260 |
_aHoboken, N.J. : _bWiley ; _aChichester : _bJohn Wiley [distributor], _c2010. |
||
| 300 |
_axxx, 316 p. : _bill. ; _c26 cm. |
||
| 505 | _aIntroduction (Page-1), Video Formats And Quality (Page-7), Video Coding Concepts (Page-25), What Is H.264? (Page-81), H.264 Prediction (Page-137), H.264 Conformance, Transport And Licencing (Page-223), H.264 Performance (Page-255), Extension And Directions (Page-287). | ||
| 650 | 7 |
_aDigital video _955774 |
|
| 650 | 7 |
_aDigital video _955774 |
|
| 650 | 7 |
_aDigital video _xStandards. _995507 |
|
| 650 | 7 |
_aMPEG _995508 |
|
| 650 | 7 |
_aMPEG (Video coding standard) _995509 |
|
| 650 | 7 |
_aMPEG (Video coding standard) _995509 |
|
| 650 | 7 |
_aMultimedia _957915 |
|
| 650 | 7 |
_aMultimedia systems _936511 |
|
| 650 | 7 |
_aMultimedia systems. _936511 |
|
| 650 | 7 |
_aVideo compression _xStandards. _995510 |
|
| 700 | 1 |
_aRichardson, Iain E. G. _995506 |
|
| 942 |
_2ddc _cBK |
||
| 999 |
_c193624 _d193624 |
||